[Event "Titled Tue 1st Jul Late"]
[Site "chess.com INT"]
[Date "2025.07.01"]
[Round "2"]
[White "Ernst, Luca"]
[Black "Reinecke, Katharina"]
[Result "1-0"]
[WhiteTitle "FM"]
[BlackTitle "WCM"]
[WhiteElo "2215"]
[BlackElo "1921"]
[WhiteFideId "45117055"]
[BlackFideId "12929727"]
[EventDate "2025.07.01"]

1. e4 c6 2. d3 d5 3. Ne2 dxe4 4. dxe4 Qxd1+ 5. Kxd1 e5 6. c3 Bc5 7. f3 Be6 8.
Kc2 Nd7 9. b4 Bf2 10. Nd2 O-O-O 11. a4 Nb6 12. a5 Nc4 13. Nxc4 Bxc4 14. Ng3 Be6
15. Bd3 Ne7 16. Nh5 g6 17. Bg5 gxh5 18. Rhf1 Rhg8 19. Bxe7 Rxg2 20. Bxd8 Kxd8
21. Rad1 Ke7 22. Rd2 Rxh2 23. Rdxf2 1-0

[Event "Titled Tue 1st Jul Late"]
[Site "chess.com INT"]
[Date "2025.07.01"]
[Round "2"]
[White "Foldes, Marton Gabor"]
[Black "Mafra, Kaiser Luiz"]
[Result "1-0"]
[WhiteTitle "FM"]
[BlackTitle "CM"]
[WhiteElo "2295"]
[BlackElo "2076"]
[WhiteFideId "794708"]
[BlackFideId "2106698"]
[EventDate "2025.07.01"]

1. Nf3 Nf6 2. g3 g6 3. Bg2 Bg7 4. O-O d6 5. d4 O-O 6. c4 Nbd7 7. Nc3 e5 8. dxe5
dxe5 9. Qc2 c6 10. b3 Qc7 11. Ba3 Re8 12. Rfd1 e4 13. Nd4 e3 14. f4 Ng4 15. h3
Nh6 16. Nf3 Qa5 17. Bb2 Nf5 18. g4 Ng3 19. Kh2 h5 20. Kxg3 hxg4 21. hxg4 Nc5 22.
Nd4 Rd8 23. Ne4 Bxd4 24. Rxd4 Bxg4 25. Nf6+ Kf8 26. Nxg4 Ne6 27. Rxd8+ Rxd8 28.
Rh1 Rd2 29. Bf6 Ke8 30. Rh8+ Kd7 31. Qe4 Rxe2 32. Qd3+ 1-0

[Event "Titled Tue 1st Jul Late"]
[Site "chess.com INT"]
[Date "2025.07.01"]
[Round "2"]
[White "Bolacky, Jiri"]
[Black "Liu, Zachary Hankun"]
[Result "0-1"]
[WhiteElo "2121"]
[BlackElo "2067"]
[WhiteFideId "308706"]
[BlackFideId "2640287"]
[EventDate "2025.07.01"]

1. e4 c5 2. Nf3 d6 3. d4 cxd4 4. Nxd4 Nf6 5. Nc3 g6 6. Be3 Bg7 7. f3 O-O 8. Qd2
Nc6 9. O-O-O Nxd4 10. Bxd4 Be6 11. h4 Qa5 12. h5 Bxa2 13. hxg6 fxg6 14. Nxa2
Qxa2 15. b3 Rac8 16. Bc4+ Kh8 17. g4 b5 18. Be6 Rc5 19. g5 Nh5 20. Bxg7+ Kxg7
21. Qd4+ Re5 22. Rh3 Qa3+ 23. Kb1 Nf4 24. Rh4 Nxe6 25. Qc3 b4 26. Qb2 Qxb2+ 27.
Kxb2 Rxf3 28. Rd5 Rxd5 29. exd5 Nxg5 30. Rxb4 h5 31. Rb7 Kf6 32. Rxa7 h4 33. b4
h3 34. b5 Rf1 35. Ra1 Rxa1 36. Kxa1 Ne4 37. b6 Nc5 0-1

[Event "Titled Tue 1st Jul Late"]
[Site "chess.com INT"]
[Date "2025.07.01"]
[Round "2"]
[White "Mulawa, Cyprian"]
[Black "Terletsky, Oleg"]
[Result "1-0"]
[WhiteTitle "FM"]
[BlackTitle "IM"]
[WhiteElo "2324"]
[BlackElo "2160"]
[WhiteFideId "21001855"]
[BlackFideId "14116774"]
[EventDate "2025.07.01"]

1. e4 e5 2. Nf3 Nc6 3. d4 exd4 4. Nxd4 Nf6 5. Nxc6 bxc6 6. e5 Qe7 7. Qe2 Nd5 8.
g3 a5 9. Bg2 Ba6 10. c4 Nb6 11. b3 a4 12. O-O Qe6 13. f4 g6 14. Ba3 h5 15. Bxf8
Kxf8 16. Nd2 d5 17. Nf3 dxc4 18. Ng5 Qe7 19. Qe3 cxb3 20. Rf2 Nc4 21. Qc3 b2 22.
Rb1 Rd8 23. h4 Qc5 24. e6 Qd4 25. Qb4+ c5 26. Qxa4 Qd3 27. Rbxb2 Nxb2 28. Rxb2
Qxg3 29. exf7 Qe1+ 30. Kh2 Qxh4+ 31. Bh3 c4 32. Qa3+ Kg7 33. Qc3+ Kh6 34. Qf6
Rd6 35. Qxh8# 1-0

[Event "Titled Tue 1st Jul Late"]
[Site "chess.com INT"]
[Date "2025.07.01"]
[Round "2"]
[White "Hamedi Nia, Vesal"]
[Black "Risteski, Emil"]
[Result "0-1"]
[WhiteTitle "WIM"]
[BlackTitle "IM"]
[WhiteElo "2010"]
[BlackElo "2374"]
[WhiteFideId "12542253"]
[BlackFideId "15005267"]
[EventDate "2025.07.01"]

1. d4 d6 2. c4 e5 3. Nf3 e4 4. Nfd2 f5 5. e3 Nf6 6. Nc3 c5 7. Nb3 Nc6 8. Be2 b6
9. O-O g6 10. f3 Bg7 11. fxe4 fxe4 12. dxc5 dxc5 13. Nd5 O-O 14. Nxf6+ Bxf6 15.
Qxd8 Bxd8 16. Rxf8+ Kxf8 17. Bd2 Bf6 18. Rf1 Ke7 19. Bc1 h5 20. h3 h4 21. Nd2
Bf5 22. Bg4 Bg5 23. Bxf5 Bxe3+ 24. Kh1 gxf5 25. Rxf5 Rd8 26. Rd5 Rxd5 27. cxd5
Nb4 28. d6+ Kd7 29. Nb3 Bxc1 30. Nxc1 Kxd6 31. Kg1 Ke5 32. Kf1 Nd3 33. Ne2 Nxb2
34. Nc3 Kd4 35. Nb5+ Kd3 36. Nxa7 Kd2 37. Nc6 e3 0-1

[Event "Titled Tue 1st Jul Late"]
[Site "chess.com INT"]
[Date "2025.07.01"]
[Round "2"]
[White "Estrada Nieto, Julian"]
[Black "Fomevor, Cephas Clinton"]
[Result "1-0"]
[WhiteTitle "IM"]
[BlackTitle "CM"]
[WhiteElo "2181"]
[BlackElo "1883"]
[WhiteFideId "5101018"]
[BlackFideId "12601330"]
[EventDate "2025.07.01"]

1. e4 c5 2. Nf3 Nc6 3. Bb5 g6 4. O-O Bg7 5. Re1 e5 6. c3 Nge7 7. d3 O-O 8. Be3
b6 9. d4 cxd4 10. cxd4 exd4 11. Nxd4 Nxd4 12. Bxd4 Nc6 13. Bxg7 Kxg7 14. Nc3 a6
15. Bc4 b5 16. Bd5 Bb7 17. Rc1 Qb6 18. Qd2 Ne5 19. Bxb7 Qxb7 20. Qd4 f6 21. Red1
Rad8 22. b3 h5 23. Nd5 Rc8 24. h3 Rxc1 25. Rxc1 Rc8 26. Rxc8 Qxc8 27. f4 Qc1+
28. Kh2 Nf3+ 29. gxf3 Qc2+ 30. Kg3 h4+ 31. Kxh4 Kh6 32. Nxf6 Qc1 33. Ng4+ Kh7
34. Qxd7+ 1-0

[Event "Titled Tue 1st Jul Late"]
[Site "chess.com INT"]
[Date "2025.07.01"]
[Round "2"]
[White "Movahed, Sina"]
[Black "Goryachkina, Aleksandra"]
[Result "1-0"]
[WhiteTitle "GM"]
[BlackTitle "GM"]
[WhiteElo "2544"]
[BlackElo "2533"]
[WhiteFideId "42520835"]
[BlackFideId "4147103"]
[EventDate "2025.07.01"]

1. e4 c5 2. Nf3 Nc6 3. Nc3 g6 4. Bb5 Bg7 5. O-O e5 6. Bxc6 bxc6 7. d3 Ne7 8. Nd2
O-O 9. Nb3 d6 10. f4 exf4 11. Bxf4 h6 12. h3 Be6 13. Kh1 Qd7 14. Bh2 Kh7 15. e5
dxe5 16. Nxc5 Qc8 17. N3e4 Bf5 18. Qe2 Bxe4 19. dxe4 Qc7 20. Rad1 Rad8 21. Qc4
Rxd1 22. Rxd1 Nc8 23. Nd7 Nb6 24. Nxf8+ Bxf8 25. Qd3 Bc5 26. Qd8 1-0

[Event "Titled Tue 1st Jul Late"]
[Site "chess.com INT"]
[Date "2025.07.01"]
[Round "2"]
[White "Yatskar, Martin"]
[Black "Rabin, Evan"]
[Result "0-1"]
[WhiteTitle "CM"]
[WhiteElo "2225"]
[BlackElo "1945"]
[WhiteFideId "34109676"]
[BlackFideId "2028670"]
[EventDate "2025.07.01"]

1. d4 Nf6 2. c4 e6 3. Nc3 Bb4 4. Qc2 d5 5. cxd5 Qxd5 6. Nf3 Qf5 7. Qb3 c5 8. e3
Ne4 9. a3 cxd4 10. axb4 dxc3 11. Ra5 Qf6 12. Bd3 Nd2 13. Qxc3 Nxf3+ 14. gxf3 Nc6
15. Ra1 Bd7 16. b5 Ne5 17. Be4 Bxb5 18. f4 Nd3+ 19. Bxd3 Qxc3+ 20. bxc3 Bxd3 21.
Ba3 Be4 22. O-O O-O-O 23. Be7 Rd7 24. Rxa7 Kb8 25. Bc5 Rc8 26. Ra4 Bd3 27. Ba7+
Ka8 28. Bd4+ Ba6 29. Rfa1 Kb8 30. Rb1 Ka8 31. Kg2 Rd5 32. Kf3 g5 33. fxg5 Rxg5
34. Rb6 Rf5+ 35. Kg2 Rg8+ 36. Kh3 Rh5# 0-1

[Event "Titled Tue 1st Jul Late"]
[Site "chess.com INT"]
[Date "2025.07.01"]
[Round "2"]
[White "Gattani, Sarthak"]
[Black "Manukian, Artak"]
[Result "0-1"]
[WhiteElo "1944"]
[BlackElo "2104"]
[WhiteFideId "30995965"]
[BlackFideId "13301373"]
[EventDate "2025.07.01"]

1. d4 d5 2. Bf4 Nf6 3. e3 Bg4 4. Nf3 e6 5. Nbd2 Bd6 6. Bxd6 Qxd6 7. h3 Bh5 8.
Bd3 O-O 9. c3 c5 10. Qc2 Bg6 11. Bxg6 hxg6 12. Ne5 Nc6 13. f4 cxd4 14. exd4 Rfc8
15. Qd3 Qe7 16. O-O Ne8 17. Rae1 Nd6 18. g4 Nxe5 19. fxe5 Nc4 20. Nxc4 Rxc4 21.
Rf2 Rf8 22. Ref1 a5 23. Qg3 g5 24. Rh2 f6 25. exf6 Rxf6 26. Rhf2 Rxf2 27. Rxf2
Rc8 28. Qe5 b5 29. Re2 Re8 30. a3 b4 31. cxb4 axb4 32. a4 b3 33. Qe3 Qb4 34.
Qxg5 Qxd4+ 35. Qe3 Qxa4 36. Qb6 e5 37. Qb7 Qc4 38. Rf2 Rf8 39. Rxf8+ Kxf8 40.
Qb8+ Kf7 41. Qxe5 d4 42. Kf2 Qc2+ 43. Qe2 d3 0-1

[Event "Titled Tue 1st Jul Late"]
[Site "chess.com INT"]
[Date "2025.07.01"]
[Round "2"]
[White "Mottola, Max"]
[Black "Li, Xueyi"]
[Result "1-0"]
[BlackTitle "WGM"]
[WhiteElo "2247"]
[BlackElo "2220"]
[WhiteFideId "30985862"]
[BlackFideId "8605912"]
[EventDate "2025.07.01"]

1. a3 d5 2. d4 Nf6 3. Nf3 c6 4. Bf4 Bg4 5. e3 e6 6. c4 Bd6 7. Bxd6 Qxd6 8. Be2
Nbd7 9. Qb3 Qc7 10. Nc3 dxc4 11. Qxc4 O-O 12. O-O Bxf3 13. Bxf3 e5 14. d5 e4 15.
Bxe4 Nxe4 16. Qxe4 cxd5 17. Nxd5 Qd6 18. Ne7+ Kh8 19. Rfd1 Nf6 20. Qxh7+ Kxh7
21. Rxd6 Rad8 22. Rad1 Rxd6 23. Rxd6 Re8 24. Nd5 Nxd5 25. Rxd5 Rc8 26. g3 Rc2
27. Rb5 b6 28. a4 Rc4 29. a5 bxa5 30. Rxa5 Rb4 31. Rxa7 Rxb2 32. Rxf7 Rb1+ 33.
Kg2 Kg6 34. Rf4 Rb5 35. h4 Kh5 36. e4 Kg6 37. Rf5 Rxf5 38. exf5+ Kxf5 39. Kf3 1-0

[Event "Titled Tue 1st Jul Late"]
[Site "chess.com INT"]
[Date "2025.07.01"]
[Round "2"]
[White "Caruana, Fabiano"]
[Black "Rosen, Eric"]
[Result "1-0"]
[WhiteTitle "GM"]
[BlackTitle "IM"]
[WhiteElo "2777"]
[BlackElo "2377"]
[WhiteFideId "2020009"]
[BlackFideId "2032562"]
[EventDate "2025.07.01"]

1. Nf3 e6 2. c4 f5 3. g3 Nf6 4. Bg2 d5 5. O-O c6 6. b3 Bd6 7. Bb2 O-O 8. d3 Nbd7
9. Nd4 Qe7 10. cxd5 cxd5 11. Nc3 a6 12. Rc1 f4 13. e3 fxe3 14. fxe3 Ne5 15. Na4
Bd7 16. Nb6 Rae8 17. Qe2 Nfg4 18. Nxd7 Qxd7 19. Nf3 Qe7 20. Nxe5 Nxe5 21. e4
Bc5+ 22. d4 Bb6 23. exd5 exd5 24. Bxd5+ Kh8 25. Kg2 Rxf1 26. Rxf1 Qd6 27. Qe4
Qg6 28. dxe5 Qh6 29. Qf4 Qxf4 30. Rxf4 Rd8 31. Ba3 Rxd5 32. Rf8# 1-0

[Event "Titled Tue 1st Jul Late"]
[Site "chess.com INT"]
[Date "2025.07.01"]
[Round "2"]
[White "Dauer, Andre Leonardo"]
[Black "Klepek, Witold"]
[Result "1-0"]
[WhiteTitle "CM"]
[BlackTitle "CM"]
[WhiteElo "2138"]
[BlackElo "2253"]
[WhiteFideId "2126915"]
[BlackFideId "1175068"]
[EventDate "2025.07.01"]

1. e4 c5 2. Nf3 d6 3. g3 Nf6 4. d3 Nc6 5. Bg2 g6 6. O-O Bg7 7. c3 O-O 8. Re1 Bg4
9. Nbd2 Qc8 10. a4 a6 11. a5 h6 12. Nc4 Qc7 13. h3 Be6 14. Nb6 Rad8 15. Qc2 Nd7
16. Nxd7 Qxd7 17. Be3 Bxh3 18. Qd2 Kh7 19. Kh2 Bxg2 20. Kxg2 Ne5 21. Nxe5 dxe5
22. Rad1 c4 23. Bxh6 Qxd3 24. Qxd3 Rxd3 25. Rxd3 cxd3 26. Bxg7 Kxg7 27. Rd1 Rd8
28. Kf3 1-0

[Event "Titled Tue 1st Jul Late"]
[Site "chess.com INT"]
[Date "2025.07.01"]
[Round "2"]
[White "Li, Yilin"]
[Black "Rees, Ioan"]
[Result "0-1"]
[WhiteTitle "WFM"]
[BlackTitle "FM"]
[WhiteElo "1922"]
[BlackElo "2280"]
[WhiteFideId "8610410"]
[BlackFideId "1801236"]
[EventDate "2025.07.01"]

1. e4 e5 2. Nf3 Nc6 3. Bb5 a6 4. Ba4 Nf6 5. O-O Nxe4 6. Re1 Nc5 7. Bxc6 dxc6 8.
Nxe5 Ne6 9. d4 Be7 10. c3 O-O 11. Nd2 c5 12. Ndf3 cxd4 13. cxd4 Qd5 14. Be3 b6
15. Qc2 Bb7 16. b3 Bd6 17. Rad1 a5 18. Nc4 Bb4 19. Bd2 Nxd4 20. Bxb4 Nxc2 21.
Rxd5 Bxd5 22. Bxf8 Nxe1 23. Nxe1 Kxf8 24. Ne3 Be6 25. Nf3 a4 26. Nd4 axb3 27.
axb3 Ra1+ 28. Nf1 c5 29. Nxe6+ fxe6 30. f3 Ke7 31. Kf2 Rxf1+ 32. Kxf1 Kd6 33.
Ke2 Kd5 34. Kd3 b5 35. g3 e5 36. h4 c4+ 37. bxc4+ bxc4+ 38. Kc3 Kc5 39. h5 g5
40. hxg6 hxg6 41. f4 exf4 42. gxf4 Kd5 43. Kc2 Ke4 44. Kc3 Kxf4 45. Kxc4 g5 46.
Kd3 Kf3 47. Kd2 Kf2 48. Kd3 g4 49. Ke4 g3 50. Kf4 g2 51. Kf5 g1=Q 0-1

[Event "Titled Tue 1st Jul Late"]
[Site "chess.com INT"]
[Date "2025.07.01"]
[Round "2"]
[White "Pakleza, Zbigniew"]
[Black "Ruiz Vazquez, Javier"]
[Result "1-0"]
[WhiteTitle "GM"]
[BlackTitle "CM"]
[WhiteElo "2484"]
[BlackElo "2157"]
[WhiteFideId "1119290"]
[BlackFideId "54727308"]
[EventDate "2025.07.01"]

1. d4 Nf6 2. Nf3 d5 3. Bf4 Bg4 4. Ne5 Bf5 5. c4 c6 6. cxd5 cxd5 7. Nc3 e6 8. Qb3
Qb6 9. Qxb6 axb6 10. e3 Bb4 11. Bb5+ Ke7 12. Ke2 Rc8 13. Rhc1 Bxc3 14. bxc3 Ne4
15. c4 Nd6 16. g4 Bg6 17. a4 f6 18. Nxg6+ hxg6 19. Bxd6+ Kxd6 20. cxd5 Rxc1 21.
Rxc1 exd5 22. Rc8 Ke7 23. f3 g5 24. e4 Kd6 25. Ke3 Ke6 26. Kd3 Kd6 27. Rg8 Ke6
28. Re8+ Kd6 29. e5+ fxe5 30. dxe5+ Kc7 31. Re7+ Kd8 32. Rxg7 Ra5 33. Rg8+ Kc7
34. e6 Nc6 35. Bxc6 Kd6 36. Bb5 Kxe6 37. Kd4 Kd6 1-0

[Event "Titled Tue 1st Jul Late"]
[Site "chess.com INT"]
[Date "2025.07.01"]
[Round "2"]
[White "Nguyen, Ngoc Truong Son"]
[Black "Caprio, Guido"]
[Result "1-0"]
[WhiteTitle "GM"]
[BlackTitle "IM"]
[WhiteElo "2600"]
[BlackElo "2435"]
[WhiteFideId "12401110"]
[BlackFideId "834580"]
[EventDate "2025.07.01"]

1. e4 d6 2. d4 Nf6 3. Nc3 e6 4. f4 Be7 5. Nf3 O-O 6. Bd3 c5 7. e5 Nd5 8. Nxd5
exd5 9. c3 Nc6 10. O-O Qb6 11. Be3 cxd4 12. cxd4 Bg4 13. Qb3 Qxb3 14. axb3 Nb4
15. Bb1 Rfc8 16. Rf2 a5 17. Bd2 h5 18. Ne1 dxe5 19. fxe5 f6 20. h3 Be6 21. Nf3
Nc2 22. Rxa5 Rxa5 23. Bxa5 Ne3 24. Bd2 Nd1 25. Rf1 Nxb2 26. Bc1 Ba3 27. Bg6 Bf7
28. Bf5 Rc3 29. Nd2 fxe5 30. Nb1 Rxc1 31. Rxc1 Nc4 32. Nxa3 Nxa3 33. Rc8+ 1-0

[Event "Titled Tue 1st Jul Late"]
[Site "chess.com INT"]
[Date "2025.07.01"]
[Round "2"]
[White "Lissang, Christopher"]
[Black "Maghsoodloo, Parham"]
[Result "0-1"]
[WhiteTitle "FM"]
[BlackTitle "GM"]
[WhiteElo "2317"]
[BlackElo "2691"]
[WhiteFideId "1709615"]
[BlackFideId "12539929"]
[EventDate "2025.07.01"]

1. d4 Nf6 2. c4 e6 3. g3 d5 4. Bg2 Bb4+ 5. Nd2 O-O 6. Nf3 b6 7. O-O Bb7 8. cxd5
Bxd5 9. a3 Bxd2 10. Bxd2 Nbd7 11. Bf4 h6 12. Rc1 Rc8 13. Qa4 a5 14. Rfd1 c6 15.
Ne5 b5 16. Qc2 Bxg2 17. Kxg2 Nxe5 18. Bxe5 Nd5 19. e4 Nb6 20. Qc5 a4 21. Rc2 Nc4
22. Rxc4 bxc4 23. Qxc4 Qa5 24. Bd6 Rfd8 25. Bb4 Qb5 26. Rc1 e5 27. d5 Qxc4 28.
Rxc4 cxd5 29. Rxc8 Rxc8 30. exd5 f5 31. Kf3 Kf7 32. Ke3 Rc2 33. Bc3 e4 34. h4 g5
35. hxg5 hxg5 36. f3 exf3 37. Kxf3 Ke7 38. Ke3 Kd6 39. Kd4 Rg2 40. Bb4+ Kd7 41.
Ke5 Rf2 42. Bc3 Rf3 43. Bb4 g4 44. Bc5 f4 45. Kf5 fxg3+ 46. Kxg4 Rd3 47. d6 g2
48. Kf4 Kc6 49. Bf2 Kxd6 50. Ke4 Rd1 0-1

[Event "Titled Tue 1st Jul Late"]
[Site "chess.com INT"]
[Date "2025.07.01"]
[Round "2"]
[White "Ivashentseva, Dominika"]
[Black "Boci, Mateu"]
[Result "0-1"]
[WhiteTitle "WCM"]
[BlackTitle "FM"]
[WhiteElo "1969"]
[BlackElo "2274"]
[WhiteFideId "34331050"]
[BlackFideId "4704665"]
[EventDate "2025.07.01"]

1. d4 Nf6 2. c4 e6 3. Nf3 d5 4. g3 Bb4+ 5. Nbd2 dxc4 6. Bg2 O-O 7. O-O b5 8. a4
c6 9. axb5 cxb5 10. Ne5 Nd5 11. Ne4 Bb7 12. Nc5 Bxc5 13. dxc5 Nc6 14. Nxc6 Bxc6
15. e4 Nb4 16. Bd2 Nd3 17. Bc3 b4 18. Bd2 Nxb2 19. Qc1 c3 20. Bf4 Nd3 21. Qe3
Nxf4 22. gxf4 Qe7 23. Kh1 Rfd8 24. Rg1 Rd2 25. Qg3 g6 26. f5 exf5 27. exf5 Qxc5
28. f6 Rxf2 29. h4 Rxg2 30. Rxg2 Re8 31. Kh2 Bxg2 32. Qxg2 Qe5+ 33. Kh1 Qxf6 34.
Qg3 Qc6+ 35. Kh2 Re2+ 36. Kh3 Qe6+ 37. Qg4 Re3+ 0-1

[Event "Titled Tue 1st Jul Late"]
[Site "chess.com INT"]
[Date "2025.07.01"]
[Round "2"]
[White "Abdurakhmonov, Mukhammadali"]
[Black "Sheremetev, Vladislav"]
[Result "0-1"]
[WhiteTitle "IM"]
[BlackTitle "CM"]
[WhiteElo "2348"]
[BlackElo "2133"]
[WhiteFideId "14207346"]
[BlackFideId "54188300"]
[EventDate "2025.07.01"]

1. e4 c5 2. Nf3 d6 3. Nc3 Nf6 4. e5 dxe5 5. Nxe5 a6 6. g3 Qc7 7. d4 cxd4 8. Qxd4
Nc6 9. Nxc6 Qxc6 10. Bg5 h6 11. O-O-O Bg4 12. Bxf6 Bxd1 13. Bh3 Rd8 14. Qe4 Qxe4
15. Nxe4 Bf3 16. Re1 Bxe4 17. Rxe4 gxf6 18. Bg4 e6 19. Bh5 Rd6 20. f4 Be7 21. c4
O-O 22. Kc2 Rfd8 23. f5 e5 24. Re2 Rd4 25. Kb3 Rd3+ 26. Kc2 Bb4 27. Re4 Rd2+ 28.
Kb3 Bc5 29. Be2 Kf8 30. Kc3 a5 31. Kb3 R8d4 32. Re3 Rxc4 33. Rf3 Rb4+ 34. Ka3
Rbxb2+ 35. Ka4 b6 36. Rb3 Rxa2+ 37. Kb5 Rdb2 38. Bd1 Rxb3+ 39. Bxb3 Rb2 40. Ka4
Rxh2 41. Bd5 Rh3 42. g4 Rg3 43. Kb5 Rxg4 44. Kc6 Rb4 45. Bf3 a4 46. Bd1 a3 47.
Bb3 Rxb3 48. Kd5 Rb2 49. Kc6 Bd4 0-1

[Event "Titled Tue 1st Jul Late"]
[Site "chess.com INT"]
[Date "2025.07.01"]
[Round "2"]
[White "Tang, Zoey"]
[Black "Haug, Havard"]
[Result "0-1"]
[WhiteTitle "FM"]
[BlackTitle "FM"]
[WhiteElo "2356"]
[BlackElo "2354"]
[WhiteFideId "30952530"]
[BlackFideId "1547887"]
[EventDate "2025.07.01"]

1. e4 Nc6 2. d4 d5 3. e5 Bf5 4. Nf3 e6 5. Bd3 Bxd3 6. Qxd3 g6 7. O-O Bg7 8. Bg5
Nge7 9. a3 Qd7 10. Nbd2 O-O 11. b4 a6 12. Nb3 Rfb8 13. Nc5 Qe8 14. c4 dxc4 15.
Qxc4 Nd5 16. Nd2 h6 17. Be3 Nce7 18. Nde4 b6 19. Nb3 Qd7 20. Rac1 Rc8 21. g4 Qb5
22. g5 h5 23. Nf6+ Bxf6 24. gxf6 Qxc4 25. Rxc4 Nf5 26. Rfc1 Kf8 27. Bd2 Ke8 28.
Kf1 Kd7 29. Ke2 c6 30. Kd3 Rc7 31. Be3 Rg8 32. Nd2 g5 33. Ne4 g4 34. Ng5 Ndxe3
35. fxe3 Rxg5 36. e4 Nh4 37. d5 exd5 38. exd5 Rxe5 39. dxc6+ Kd6 40. Rd4+ Rd5
41. Ke4 Rxd4+ 42. Kxd4 Rxc6 43. Re1 Ng6 0-1

[Event "Titled Tue 1st Jul Late"]
[Site "chess.com INT"]
[Date "2025.07.01"]
[Round "2"]
[White "Lebedev, Artem S."]
[Black "Bortnyk, Olexandr"]
[Result "0-1"]
[WhiteTitle "CM"]
[BlackTitle "GM"]
[WhiteElo "2164"]
[BlackElo "2601"]
[WhiteFideId "34272747"]
[BlackFideId "14120828"]
[EventDate "2025.07.01"]

1. e4 Nf6 2. Nc3 d5 3. exd5 Nxd5 4. Nf3 Nxc3 5. bxc3 g6 6. d4 Bg7 7. Bd3 O-O 8.
O-O c5 9. h3 Nc6 10. dxc5 Qa5 11. Rb1 Qxc5 12. Rb5 Qd6 13. c4 Be6 14. Rxb7 Na5
15. Rb5 Nxc4 16. Re1 a6 17. Rb3 h6 18. a4 Rac8 19. Qe2 Ne5 20. Nxe5 Bxb3 21.
cxb3 Qxe5 22. Qxe5 Bxe5 23. Bxh6 Bg7 24. Bxg7 Kxg7 25. Bxa6 Ra8 26. Bb5 e6 27.
h4 Rfc8 28. Re3 Rc1+ 29. Kh2 Rc2 30. Kg3 Ra2 31. Rd3 Rc8 32. Rf3 Rcc2 33. Bc4
Rd2 34. Rf4 Rd6 35. Rf3 Kf8 36. Re3 Rdd2 37. Rf3 Ke7 38. Rf4 f5 39. h5 gxh5 40.
Bf1 Kf6 41. Bc4 e5 42. Rh4 Kg5 43. Bf7 Rxf2 44. Rxh5+ Kf6 45. Bd5 e4 46. Rh6+
Ke5 47. Bc4 Rxg2+ 48. Kh4 Rh2+ 49. Kg5 Rag2# 0-1

[Event "Titled Tue 1st Jul Late"]
[Site "chess.com INT"]
[Date "2025.07.01"]
[Round "2"]
[White "Christiansen, Johan-Sebastian"]
[Black "Craciun, Sasha-Matei"]
[Result "1-0"]
[WhiteTitle "GM"]
[BlackTitle "FM"]
[WhiteElo "2642"]
[BlackElo "2320"]
[WhiteFideId "1512668"]
[BlackFideId "1281186"]
[EventDate "2025.07.01"]

1. e4 e5 2. Nf3 Nc6 3. Nc3 Nf6 4. a3 Be7 5. d4 exd4 6. Nxd4 O-O 7. Nxc6 bxc6 8.
e5 Ne8 9. Bd3 f6 10. Bf4 fxe5 11. Bxe5 d6 12. Qh5 Bf5 13. Bxf5 Rxf5 14. Qxf5
dxe5 15. Qxe5 Bd6 16. Qe6+ Kh8 17. O-O Nf6 18. Rfe1 Rb8 19. b4 c5 20. Rad1 Qf8
21. b5 c4 22. Qxc4 Bxa3 23. Ne4 Ng4 24. h3 Ne5 25. Qd5 Ng6 26. Ng5 h6 27. Ne6
Qf6 28. Nxc7 Nf4 29. Qf3 Bc5 30. Re4 Rf8 31. Kh1 Qg5 32. Qg4 Qxg4 33. hxg4 Bxf2
34. Rf1 Bg3 35. Nd5 g5 36. Re3 Rd8 37. Ne7 Rd2 38. Rxg3 1-0

[Event "Titled Tue 1st Jul Late"]
[Site "chess.com INT"]
[Date "2025.07.01"]
[Round "2"]
[White "Hansen, Sune Berg"]
[Black "Venskaya, Nika"]
[Result "1-0"]
[WhiteTitle "GM"]
[BlackTitle "WCM"]
[WhiteElo "2503"]
[BlackElo "1926"]
[WhiteFideId "1400266"]
[BlackFideId "13523503"]
[EventDate "2025.07.01"]

1. e4 c5 2. Nf3 d6 3. d4 cxd4 4. Nxd4 Nf6 5. Nc3 g6 6. g3 Bg7 7. Bg2 O-O 8. O-O
Nc6 9. Nde2 Bd7 10. h3 Rc8 11. Kh2 a6 12. a4 Na5 13. Ra2 Be6 14. Nd5 Bxd5 15.
exd5 b5 16. axb5 axb5 17. b3 Nd7 18. Nd4 b4 19. Be3 Nc5 20. Qd2 Qb6 21. Rfa1
Nab7 22. Re1 Ra8 23. Rxa8 Rxa8 24. Qe2 Nd8 25. Nc6 Nxc6 26. dxc6 e6 27. Qc4 Rc8
28. Rd1 Bf8 29. c3 bxc3 30. b4 Qa6 31. Qxc3 Na4 32. Qb3 d5 33. b5 Qa5 34. Ra1
Ra8 35. b6 Qa6 36. b7 1-0

[Event "Titled Tue 1st Jul Late"]
[Site "chess.com INT"]
[Date "2025.07.01"]
[Round "2"]
[White "Shuvalov, Evgenij"]
[Black "Shankland, Sam"]
[Result "0-1"]
[BlackTitle "GM"]
[WhiteElo "1986"]
[BlackElo "2666"]
[WhiteFideId "4187237"]
[BlackFideId "2004887"]
[EventDate "2025.07.01"]

1. d4 d5 2. c4 c6 3. Nf3 Nf6 4. Nc3 e6 5. e3 Nbd7 6. Qc2 Bd6 7. Be2 O-O 8. O-O
b6 9. b3 Bb7 10. Bb2 Qe7 11. a4 Rac8 12. a5 c5 13. Nb5 Bb8 14. a6 Ba8 15. Rfd1
Rfd8 16. h3 h6 17. Qd2 e5 18. Qe1 cxd4 19. exd4 e4 20. Nd2 Nf8 21. Nf1 Ng6 22.
Ne3 Nf4 23. Bf1 Qe6 24. Rac1 N6h5 25. Rc2 Qg6 26. Kh1 Nd3 27. Qc3 Ng3+ 28. Kg1
Nxf1 29. Rxf1 f5 30. Qd2 f4 31. Nxd5 Bxd5 32. cxd5 f3 33. g3 Bxg3 34. fxg3 Qxg3+
35. Kh1 Qxh3+ 36. Kg1 Rxc2 37. Qxc2 e3 38. Qh2 f2+ 39. Rxf2 exf2+ 40. Kh1 f1=Q# 0-1

[Event "Titled Tue 1st Jul Late"]
[Site "chess.com INT"]
[Date "2025.07.01"]
[Round "2"]
[White "Kollars, Dmitrij"]
[Black "Hofstadler, Mario"]
[Result "1-0"]
[WhiteTitle "GM"]
[BlackTitle "CM"]
[WhiteElo "2633"]
[BlackElo "2172"]
[WhiteFideId "12909572"]
[BlackFideId "1660497"]
[EventDate "2025.07.01"]

1. Nf3 Nf6 2. g3 g6 3. Bg2 b6 4. Ne5 c6 5. O-O Bb7 6. d4 Bg7 7. c4 O-O 8. Nc3 d6
9. Nd3 Nbd7 10. e4 Qc7 11. Be3 e5 12. d5 c5 13. b4 cxb4 14. Nb5 Qb8 15. Nxb4 Nc5
16. Qc2 Rc8 17. Bh3 Rd8 18. Nc6 Bxc6 19. dxc6 Ne8 20. Rab1 Nc7 21. Rfd1 Bf8 22.
a4 a6 23. Nc3 Qa7 24. Nd5 Nxd5 25. cxd5 Qc7 26. Rb4 Rab8 27. Rdb1 h5 28. f3 Kh7
29. Kh1 Bh6 30. Bg1 Kg7 31. R1b2 h4 32. gxh4 Rh8 33. Qb1 Bf4 34. Bf2 g5 35. Rxb6
Rxb6 36. Rxb6 gxh4 37. Bxc5 dxc5 38. Qg1+ Kf6 39. Qxc5 Rg8 40. Rb7 Qd8 41. c7
Qe8 1-0